The forgotten sector : non-farm employment and enterprises in rural India /

Saved in:
நூற்பட்டியல் விவரங்கள்
தலைமை எழுத்தாளர்: Fisher, Thomas.
மற்ற எழுத்தாளர்கள்: Mahajan, Vijay., Singha, Ashok.
வடிவம்: புத்தகம்
மொழி:English
வெளியீடப்பட்டது: New Delhi : Oxford & IBH Pub. Co., c1997.
பகுதிகள்:
குறியீடுகள்: குறிச்சொல் இணை
குறியீடுகள் இல்லை, இந்த குறிச்சொல்லை முதலில் பதிவு செய்யுங்கள்!
LEADER 00988aam a2200289 a 4500
001 007775578-2
005 20020606104010.5
008 970904s1997 ii b 001 0 eng
010 |a  97904562  
020 |a 8120411668 
035 0 |a ocm37580258 
040 |a DLC  |c DLC 
042 |a lcode 
043 |a a-ii--- 
050 0 0 |a HD5819  |b .F57 1997 
100 1 |a Fisher, Thomas. 
245 1 4 |a The forgotten sector :  |b non-farm employment and enterprises in rural India /  |c Thomas Fisher and Vijay Mahajan with Ashok Singha. 
260 |a New Delhi :  |b Oxford & IBH Pub. Co.,  |c c1997. 
300 |a xxii, 280 p. ;  |c 25 cm. 
504 |a Includes bibliographical references (p. 262-271) and index. 
650 0 |a Labor supply  |z India. 
651 0 |a India  |x Rural conditions. 
700 1 |a Mahajan, Vijay. 
700 1 |a Singha, Ashok. 
776 0 8 |i Online version:  |a Fisher, Thomas.  |t Forgotten sector.  |d New Delhi : Oxford & IBH Pub. Co., ©1997  |w (OCoLC)645889805 
988 |a 20020608 
906 |0 DLC